02869nam a22004215i 4500999001700000006001900017007001500036008004100051020003700092072001700129072002300146072001600169082001400185100002200199245011000221250001800331260002700349300004600376490009300422505017300515520111200688650001301800650002401813650002301837650002401860700007901884700008101963710003402044773002602078776003602104776003602140776003602176830009302212856004602305942001302351950003902364950004402403 c26877d26877a|||||o|||| 00| 0 cr nn 008mamaa200630s2020 sz | s |||| 0|eng d a9783030497491qOnline Resource 1 7aTGBN2bicssc 7aTEC0090002bisacsh 7aTGBN2thema04a621.42231 aBilousov, Ievgen.10aModern Marine Internal Combustion Enginesh[electronic resource] :bA Technical and Historical Overview / a1st ed. 2020. aLondonbSpringerc2020 aXIII, 385 p. 260 illus.bonline resource.1 aSpringer Series on Naval Architecture, Marine Engineering, Shipbuilding and Shipping,v80 aFour-stroke engines -- Gas and gas-diesel four-stroke marine engines -- Two-stroke low-speed crosshead marine engines -- Gas-diesel two-stroke marine low-speed engines. aThis book offers a comprehensive and timely overview of internal combustion engines for use in marine environments. It reviews the development of modern four-stroke marine engines, gas and gas–diesel engines and low-speed two-stroke crosshead engines, describing their application areas and providing readers with a useful snapshot of their technical features, e.g. their dimensions, weights, cylinder arrangements, cylinder capabilities, rotation speeds, and exhaust gas temperatures. For each marine engine, information is provided on the manufacturer, historical background, development and technical characteristics of the manufacturer’s most popular models, and detailed drawings of the engine, depicting its main design features. This book offers a unique, self-contained reference guide for engineers and professionals involved in shipbuilding. At the same time, it is intended to support students at maritime academies and university students in naval architecture/marine engineering with their design projects at both master and graduate levels, thus filling an important gap in the literature. 0aEngines. 0aEngineering design.14aEngine Technology.24aEngineering Design.1 aBulgakov, Mykola.eauthor.4aut4http://id.loc.gov/vocabulary/relators/aut1 aSavchuk, Volodymyr.eauthor.4aut4http://id.loc.gov/vocabulary/relators/aut2 aSpringerLink (Online service)0 tSpringer Nature eBook08iPrinted edition:z978303049748408iPrinted edition:z978303049750708iPrinted edition:z9783030497514 0aSpringer Series on Naval Architecture, Marine Engineering, Shipbuilding and Shipping,v840uhttps://doi.org/10.1007/978-3-030-49749-1 2ddccEBK aEngineering (SpringerNature-11647) aEngineering (R0) (SpringerNature-43712)